[Event "Let's Play Chess!"]
[Site "http://www.queenalice.com/game.php?id=1505307"]
[Date "2017.11.23"]
[Round "-"]
[White "V_i_n_c_e_n_t"]
[Black "ulisses34"]
[Result "1-0"]
[WhiteElo "1921"]
[BlackElo "1726"]

1. e4 e5 2. Nf3 d6 3. Bc4 Be7 4. h3 Nf6 5. Nc3 Bd7 6. O-O Nc6 7. a3 Nd4 8. d3 a6
9. Re1 Be6 10. Nd5 Nxd5 11. exd5 Bd7 12. Nxd4 exd4 13. Bg5 f6 14. Bh4 O-O 15. c3
Qe8 16. Bb3 Qf7 17. c4 Bc8 18. c5 Bd8 19. Re4 Qg6 20. Rxd4 Bxh3 21. g3 Be7 22.
Kh2 Bd7 23. Rc1 Be8 24. Re4 Bd8 25. Qe2 Bf7 26. Rc3 f5 27. Rf4 Bf6 28. d4 Rae8
29. Qd1 Qh6 30. Rxf5 Bxh4 31. gxh4 Qxh4+ 32. Rh3 Qe4 33. Rhf3 Bxd5 34. Bxd5+ 1-0

[Event "Let's Play Chess!"]
[Site "http://www.queenalice.com/game.php?id=1505646"]
[Date "2017.11.26"]
[Round "-"]
[White "paepum"]
[Black "V_i_n_c_e_n_t"]
[Result "0-1"]
[WhiteElo "1100"]
[BlackElo "1973"]

1. e4 c5 2. Nf3 d6 3. d4 cxd4 4. Qxd4 Nc6 5. Bc4 Nxd4 6. Nxd4 Nf6 7. Nc3 e5 8.
Nf5 Bxf5 9. O-O Nxe4 10. f3 Nxc3 11. bxc3 a6 12. Re1 Be7 13. f4 exf4 14. Bxf4
O-O 15. Bd3 Bg6 16. Rab1 b5 17. Rb4 Re8 18. Bxg6 fxg6 19. Re6 Rf8 20. Rbe4 d5
21. R4e5 Bc5+ 22. Kf1 Rxf4+ 23. Ke2 Qh4 24. Re8+ Rxe8 25. Rxe8+ Kf7 26. g3 Rf2+
27. Kd3 Qc4# 0-1

[Event "Let's Play Chess!"]
[Site "http://www.queenalice.com/game.php?id=1575026"]
[Date "2019.6.21"]
[Round "-"]
[White "V_i_n_c_e_n_t"]
[Black "josebaron"]
[Result "1-0"]
[WhiteElo "1973"]
[BlackElo "2067"]

1. e4 e5 2. Nf3 Nc6 3. Bc4 Be7 4. a3 Nf6 5. d3 O-O 6. Nc3 d6 7. h3 h6 8. O-O Nh7
9. Nd5 Be6 10. b4 a6 11. c3 Bxd5 12. Bxd5 Ng5 13. Bb2 Nxf3+ 14. Qxf3 Bg5 15.
Rad1 Qd7 16. d4 exd4 17. cxd4 Rae8 18. Rfe1 b5 19. Bc3 Nb8 20. Bb3 Qc8 21. e5
dxe5 22. dxe5 c6 23. Qe4 Kh8 24. Bc2 g6 25. e6+ Kh7 26. Qd4 f6 27. e7 Rg8 28. h4
Bxh4 29. Qxh4 Nd7 30. Bd2 1-0

[Event "Let's Play Chess!"]
[Site "http://www.queenalice.com/game.php?id=1575027"]
[Date "2019.6.21"]
[Round "-"]
[White "josebaron"]
[Black "V_i_n_c_e_n_t"]
[Result "0-1"]
[WhiteElo "2069"]
[BlackElo "2061"]

1. e4 c5 2. Bc4 e6 3. Nc3 a6 4. a4 Nc6 5. Nf3 Bd6 6. O-O Nge7 7. d4 cxd4 8. Nxd4
Be5 9. Nxc6 bxc6 10. h3 Bb7 11. Qh5 d5 12. Qxe5 O-O 13. exd5 cxd5 14. Bb3 Ng6
15. Qg3 Kh8 16. a5 d4 17. Ne2 e5 18. Rd1 Be4 19. f3 Bf5 20. f4 f6 21. fxe5 fxe5
22. Bg5 Qc7 23. Kh1 Bxc2 24. Rdc1 d3 25. Bxc2 dxc2 26. Nd4 Qb7 27. Nxc2 Qxb2 28.
Ne3 Nf4 29. Bxf4 exf4 30. Nc4 Qxa1 31. Rxa1 fxg3 32. Kg1 Rac8 33. Ne3 Rc3 34.
Nf1 Rf4 35. Rb1 h5 0-1

[Event "1/2"]
[Site "http://www.queenalice.com/game.php?id=1575131"]
[Date "2019.6.22"]
[Round "-"]
[White "V_i_n_c_e_n_t"]
[Black "Bigchess"]
[Result "1-0"]
[WhiteElo "2035"]
[BlackElo "1873"]

1. e4 d5 2. exd5 Qxd5 3. d4 Bf5 4. Nc3 Qd8 5. Nf3 e6 6. Bc4 Nf6 7. O-O Nc6 8.
Re1 Be7 9. d5 Nb4 10. Nd4 Nbxd5 11. Nxf5 c6 12. Nxg7+ Kd7 13. Nh5 Nxh5 14. Qxh5
Qf8 15. Ne4 a6 16. Rd1 Kc7 17. a3 1-0

[Event "2/2"]
[Site "http://www.queenalice.com/game.php?id=1575132"]
[Date "2019.6.22"]
[Round "-"]
[White "Bigchess"]
[Black "V_i_n_c_e_n_t"]
[Result "0-1"]
[WhiteElo "1825"]
[BlackElo "2102"]

1. e4 c5 2. f4 Nf6 3. e5 Nd5 4. d3 e6 5. Nf3 Be7 6. Be2 Bh4+ 7. g3 Be7 8. Bd2
O-O 9. c4 Nb6 10. Nc3 a6 11. Qc2 d6 12. Ne4 d5 13. cxd5 Qxd5 14. Rf1 Bd7 15. Qb3
Qxb3 16. axb3 Nc6 17. Be3 Nb4 18. Rc1 Rfc8 19. h4 N6d5 20. Bf2 b6 21. d4 cxd4
22. Rxc8+ Rxc8 23. Bxd4 Nc2+ 24. Kf2 Nxd4 25. Nxd4 Bc5 0-1

[Event " 1/2"]
[Site "http://www.queenalice.com/game.php?id=1575238"]
[Date "2019.6.23"]
[Round "-"]
[White "V_i_n_c_e_n_t"]
[Black "igorjava"]
[Result "1-0"]
[WhiteElo "2118"]
[BlackElo "2039"]

1. e4 c5 2. Bc4 e6 3. Nc3 a6 4. a4 Nc6 5. Nf3 d6 6. d3 Nf6 7. O-O Be7 8. Re1 O-O
9. Ne2 e5 10. h3 h6 11. Bd2 Be6 12. Bxe6 fxe6 13. c3 b5 14. Ng3 Qb6 15. Be3 a5
16. d4 exd4 17. cxd4 Rfe8 18. b3 b4 19. Qd2 Rad8 20. Rad1 Qb7 21. Qc2 Rd7 22. e5
Nd5 23. Bc1 Nc3 24. Rd3 d5 25. Bd2 cxd4 26. Nxd4 Nxd4 27. Rxd4 Bc5 28. Rg4 Kh8
29. Bxc3 bxc3 30. Ne2 Bb4 31. Nd4 Rc7 32. Nb5 Rf7 33. Re2 Rf5 34. Nd6 Bxd6 35.
exd6 Qc6 36. Re3 Ref8 37. Qxc3 Qxd6 38. Qxg7# 1-0

[Event " 2/2"]
[Site "http://www.queenalice.com/game.php?id=1575239"]
[Date "2019.6.23"]
[Round "-"]
[White "igorjava"]
[Black "V_i_n_c_e_n_t"]
[Result "0-1"]
[WhiteElo "2039"]
[BlackElo "2131"]

1. e4 c5 2. Nf3 d6 3. d4 cxd4 4. Nxd4 e5 5. Nf3 Nf6 6. Nc3 Be7 7. Bc4 O-O 8. O-O
a6 9. a3 b5 10. Bb3 Bb7 11. Qe2 Qd7 12. h3 Re8 13. Kh2 h6 14. Nd5 Bd8 15. c4
Nxd5 16. cxd5 a5 17. Bd2 Ba6 18. Bc2 Qb7 19. b4 a4 20. Bd3 Nd7 21. Rac1 Rf8 22.
Rc2 Bb6 23. Be3 Bxe3 24. Qxe3 Rac8 25. Rfc1 Rxc2 26. Rxc2 Rc8 27. Qe2 Rxc2 28.
Qxc2 Nb6 29. Nd2 Kf8 30. Nb1 Ke7 31. Nd2 Kd7 32. g3 g6 33. f4 Qc7 34. Qxc7+ Kxc7
35. fxe5 dxe5 36. g4 Nc4 37. Nb1 Nd6 38. Nc3 Kb6 39. Kg3 Bc8 0-1

[Event "p 1/2"]
[Site "http://www.queenalice.com/game.php?id=1575281"]
[Date "2019.6.24"]
[Round "-"]
[White "V_i_n_c_e_n_t"]
[Black "igorjava"]
[Result "1-0"]
[WhiteElo "2125"]
[BlackElo "2040"]

1. e4 c5 2. Bc4 Nc6 3. Nf3 e6 4. O-O a6 5. a4 Nge7 6. d3 Ng6 7. Nc3 d6 8. Re1
Be7 9. Ne2 O-O 10. c3 Na5 11. Ba2 b5 12. axb5 axb5 13. b3 Bb7 14. Ng3 Kh8 15.
Bb2 Qb6 16. Qd2 Bf6 17. d4 c4 18. Qc2 Nf4 19. Ba3 Nd3 20. Re3 Rfd8 21. Nh5 Be7
22. Ne1 Nxe1 23. Rexe1 Qc7 24. Bb2 d5 25. e5 Re8 26. Bb1 g6 27. b4 Nb3 28. Ra3
Qd8 29. Re3 Rxa3 30. Bxa3 f5 31. exf6 Bxf6 32. Nf4 Bc8 33. Rh3 Kg7 34. Rxh7+
Kxh7 35. Qxg6+ 1-0

[Event "p 2/2"]
[Site "http://www.queenalice.com/game.php?id=1575282"]
[Date "2019.6.24"]
[Round "-"]
[White "igorjava"]
[Black "V_i_n_c_e_n_t"]
[Result "1-0"]
[WhiteElo "2040"]
[BlackElo "2139"]

1. e4 c5 2. Nf3 d6 3. d4 cxd4 4. Nxd4 e5 5. Nf3 Be7 6. Nc3 Nf6 7. Bc4 O-O 8. O-O
a6 9. a3 b5 10. Bb3 Bb7 11. Qe2 Nbd7 12. Nd5 Nxd5 13. Bxd5 Bxd5 14. exd5 Rc8 15.
b3 Nb6 16. Rd1 Rc5 17. Be3 Rxd5 18. Bxb6 Rxd1+ 19. Rxd1 Qxb6 20. g3 Rc8 21. Qd3
Qb7 22. Ne1 e4 23. Qd2 Rd8 24. Qd5 Qxd5 25. Rxd5 Rc8 26. Rd4 f5 27. Kf1 Kf7 28.
a4 bxa4 29. Rxa4 Rc6 30. Ke2 Bd8 31. Kd2 a5 32. Rd4 Bb6 33. Rd5 Ke6 34. Rb5 1-0

[Event "24 juin 1/2"]
[Site "http://www.queenalice.com/game.php?id=1575383"]
[Date "2019.6.24"]
[Round "-"]
[White "V_i_n_c_e_n_t"]
[Black "ulisses34"]
[Result "1-0"]
[WhiteElo "2113"]
[BlackElo "1775"]

1. e4 e5 2. Nf3 d6 3. Bb5+ c6 4. Ba4 Na6 5. c3 b5 6. Bb3 Nc5 7. Bc2 Be7 8. b4
Ne6 9. d3 c5 10. O-O cxb4 11. cxb4 Qb6 12. Nc3 Bb7 13. a3 Nd4 14. Be3 Nxf3+ 15.
Qxf3 Qc7 16. Bd2 Nf6 17. Rac1 Qd7 18. Bb3 a5 19. bxa5 Rxa5 20. Ra1 Ra8 21. a4 b4
22. Ne2 d5 23. Rfd1 dxe4 24. dxe4 Bxe4 25. Qg3 Qg4 26. Qxg4 Nxg4 27. h3 Nf6 28.
Rdc1 O-O 29. Bc4 Bd5 30. a5 Bxc4 31. Rxc4 b3 32. Rb1 Rfb8 33. Bc3 Rb5 34. Nc1
Nd5 35. Bxe5 f6 36. Bd4 Raxa5 37. Rxb3 Nb4 38. Bc3 Rc5 39. Rbxb4 Rd5 40. Rb8+
1-0

[Event "24 juin 2/2"]
[Site "http://www.queenalice.com/game.php?id=1575384"]
[Date "2019.6.24"]
[Round "-"]
[White "alshelmany"]
[Black "V_i_n_c_e_n_t"]
[Result "1/2-1/2"]
[WhiteElo "1100"]
[BlackElo "2118"]

1. d4 d5 2. c4 dxc4 3. e4 b5 4. a4 Bd7 5. axb5 Bxb5 6. Na3 Ba6 7. Bxc4 Bb7 8.
Qb3 Qc8 9. Bxf7+ Kd8 10. Bxg8 Bxe4 11. f3 Bf5 12. Qd5+ Nd7 13. Qxf5 Qa6 14. Bc4
Qd6 15. Ne2 Rb8 16. Nb5 Qb4+ 17. Bd2 Qxc4 18. Rc1 Qxb5 19. Qxb5 Rxb5 20. Bc3 e6
21. O-O Bd6 22. Ra1 Rb7 23. Rfe1 Re8 24. Ng3 Bxg3 25. hxg3 Nb6 26. Re4 Nd5 27.
Rae1 Kd7 28. f4 g6 29. g4 Nf6 30. R4e2 Nxg4 31. d5 Rb6 32. Ba5 Ra6 33. dxe6+
Rexe6 34. Rxe6 Rxe6 35. Rxe6 Kxe6 36. Bxc7 Kf5 37. Kf1 Ne3+ 38. Kf2 Nd1+ 39. Kf3
Nxb2 40. g4+ Ke6 41. Ke4 Nc4 42. f5+ gxf5+ 43. gxf5+ Kd7 44. Bg3 Nd6+ 45. Ke5 a5
46. Be1 a4 47. Bb4 Nf7+ 48. Ke4 Nh6 49. Ke5 Ke8 50. Kf4 Kf7 51. Kg5 Ng8 52. Ba3
Ne7 53. Bb2 Nd5 54. Kh6 Nf6 55. Ba3 Kg8 56. Bb2 Nd7 57. Kg5 Kf7 58. Kh6 Nf6 59.
Bc1 Kg8 60. Ba3 Ne4 61. Bb2 Nd6 62. f6 Nc4 63. Bc3 a3 64. Bd4 Nd6 65. Ba1 Nf7+
66. Kh5 Kf8 67. Kg4 Nd6 68. Kg5 Ne4+ 69. Kf5 Ng3+ 70. Ke6 Ne4 71. Bd4 a2 72. Ke5
Ng5 73. Kf5 Nf7 1/2-1/2

[Event "1) 2 jeux avec les deux couleurs"]
[Site "http://www.queenalice.com/game.php?id=1575399"]
[Date "2019.6.25"]
[Round "-"]
[White "V_i_n_c_e_n_t"]
[Black "alterego"]
[Result "1-0"]
[WhiteElo "2118"]
[BlackElo "1741"]

1. e4 c5 2. Bb5 a6 3. Ba4 Nf6 4. d3 g6 5. Nf3 Bg7 6. Be3 b6 7. Qd2 O-O 8. a3 b5
9. Bb3 Nc6 10. O-O e6 11. Bxc5 d6 12. Be3 d5 13. exd5 exd5 14. d4 Ne4 15. Qe1
Bg4 16. Nfd2 Nxd2 17. Qxd2 Qd6 18. Nc3 Rae8 19. Bxd5 Ne7 20. Bb3 Nf5 21. d5 Nxe3
22. fxe3 Bd7 23. Kh1 Bh6 24. Rae1 Re5 25. Qd4 Bg7 26. Qf4 Rfe8 27. Qxf7+ Kh8 28.
Qf4 Rf8 29. Qg3 Rff5 30. e4 Rg5 31. Qf2 Re7 32. Nd1 h5 33. c3 Kh7 34. Bc2 Be5
35. Qf8 Bg7 36. Rf7 Qe5 37. Rxe7 Kh6 38. Qf7 1-0

[Event "Zwei Spiele, mit beiden Farben."]
[Site "http://www.queenalice.com/game.php?id=1575403"]
[Date "2019.6.25"]
[Round "-"]
[White "V_i_n_c_e_n_t"]
[Black "igorjava"]
[Result "1-0"]
[WhiteElo "2100"]
[BlackElo "2054"]

1. e4 c5 2. Bc4 e6 3. d3 a6 4. a3 b5 5. Ba2 Nc6 6. Nf3 d6 7. O-O Nf6 8. Re1 Be7
9. Nc3 O-O 10. Ne2 d5 11. e5 Nd7 12. Bf4 c4 13. d4 f6 14. Ng3 fxe5 15. Nxe5
Ndxe5 16. Bxe5 Nxe5 17. Rxe5 Bf6 18. Re3 Qb6 19. c3 a5 20. Nh5 Qd8 21. Nxf6+
Rxf6 22. Rg3 Qe7 23. Bb1 Bd7 24. Qh5 Rh6 25. Qxh6 g6 26. Bxg6 Kh8 27. Bxh7 Qxh7
28. Qf6+ 1-0

[Event "Zwei Spiele, mit beiden Farben."]
[Site "http://www.queenalice.com/game.php?id=1575404"]
[Date "2019.6.25"]
[Round "-"]
[White "igorjava"]
[Black "V_i_n_c_e_n_t"]
[Result "0-1"]
[WhiteElo "2040"]
[BlackElo "2109"]

1. e4 c5 2. Nf3 d6 3. d4 e6 4. dxc5 Qa5+ 5. Nc3 Qxc5 6. a3 Be7 7. Be3 Qc7 8. Bd3
Nf6 9. O-O Nc6 10. h3 a6 11. Qd2 h6 12. b4 O-O 13. Ne2 b6 14. c4 Bb7 15. Nc3
Rad8 16. Qe2 Nd7 17. Nd2 Bf6 18. Rac1 Nd4 19. Qd1 Qb8 20. Ne2 Nxe2+ 21. Qxe2 a5
22. Nb3 Qa8 23. b5 Bxe4 24. a4 Bxg2 25. Rfe1 Bxh3 26. Be4 Qxe4 27. f3 Qg6+ 28.
Kh1 Qh5 29. f4 Bg4+ 30. Qh2 Bf3+ 31. Kg1 Bh4 32. Bf2 Bxf2+ 33. Qxf2 Qh1# 0-1

[Event "29 juin 1/2"]
[Site "http://www.queenalice.com/game.php?id=1575887"]
[Date "2019.6.29"]
[Round "-"]
[White "V_i_n_c_e_n_t"]
[Black "ArmandoFerreira"]
[Result "0-1"]
[WhiteElo "2118"]
[BlackElo "2542"]

1. e4 c5 2. Nf3 e6 3. Bc4 a6 4. a4 d5 5. exd5 exd5 6. Be2 Bd6 7. O-O Nf6 8. Re1
O-O 9. b3 Nc6 10. Bb2 Re8 11. d3 Bc7 12. Nbd2 Qd6 13. c3 Bf5 14. g3 Qd7 15. Bf1
Rxe1 16. Nxe1 Re8 17. Ng2 d4 18. Nf3 Bg4 19. Nge1 Rxe1 0-1

[Event "4 juillet 1/2"]
[Site "http://www.queenalice.com/game.php?id=1576361"]
[Date "2019.7.4"]
[Round "-"]
[White "V_i_n_c_e_n_t"]
[Black "JOSETEZOMBIE"]
[Result "0-1"]
[WhiteElo "2120"]
[BlackElo "2366"]

1. e4 c6 2. c4 d5 3. cxd5 cxd5 4. exd5 Nf6 5. Nc3 g6 6. Bc4 Bg7 7. Nge2 Nbd7 8.
Nf4 Nb6 9. d3 Nxc4 10. dxc4 Qc7 11. b3 Ne4 12. Nb5 Qe5 13. Be3 Nc3 14. Qd4 Nxb5
0-1

[Event "4 juillet 1/2"]
[Site "http://www.queenalice.com/game.php?id=1576399"]
[Date "2019.7.5"]
[Round "-"]
[White "V_i_n_c_e_n_t"]
[Black "lmtz"]
[Result "0-1"]
[WhiteElo "2119"]
[BlackElo "2329"]

1. e4 c5 2. Nf3 d6 3. d4 cxd4 4. Nxd4 Nf6 5. Nc3 a6 6. Bd3 e5 7. Nde2 Be7 8. O-O
O-O 9. f4 Nbd7 10. Bc4 b5 11. Bb3 Nc5 12. fxe5 dxe5 13. Bd5 Nxd5 14. exd5 f5 15.
b4 Nb7 16. a4 Bxb4 17. axb5 Nd6 18. Bd2 Bb7 19. bxa6 Bxa6 20. Kh1 Qe7 21. Re1
Nc4 22. Bc1 f4 23. Rf1 Qg5 24. Ne4 Qg6 25. Nf2 Bc5 26. Nd3 Be3 27. Ra4 Bxc1 28.
Qxc1 Ne3 29. Rg1 Bxd3 30. Rxa8 Rxa8 31. cxd3 Qxd3 32. Qc6 Qxd5 0-1

[Event "4 juillet 2/2"]
[Site "http://www.queenalice.com/game.php?id=1576400"]
[Date "2019.7.5"]
[Round "-"]
[White "lmtz"]
[Black "V_i_n_c_e_n_t"]
[Result "1-0"]
[WhiteElo "2323"]
[BlackElo "2111"]

1. e4 c5 2. Nf3 d6 3. d4 Nf6 4. dxc5 Nxe4 5. cxd6 Nxd6 6. Nc3 e6 7. Bd3 Be7 8.
O-O O-O 9. Bf4 Nc6 10. Qe2 Nb4 11. Rad1 Bd7 12. Bxh7+ Kxh7 13. Bxd6 Nc6 14. Bxe7
Qxe7 15. Qd3+ 1-0

[Event "1/2"]
[Site "http://www.queenalice.com/game.php?id=1578884"]
[Date "2019.7.30"]
[Round "-"]
[White "V_i_n_c_e_n_t"]
[Black "ulisses34"]
[Result "1-0"]
[WhiteElo "2143"]
[BlackElo "1780"]

1. e4 Nc6 2. Nf3 d6 3. Be2 e6 4. d4 d5 5. e5 Bb4+ 6. c3 Ba5 7. O-O Nge7 8. a4 a6
9. b4 Bb6 10. Nbd2 Nf5 11. Ba3 O-O 12. b5 Nce7 13. Ng5 h6 14. Nh3 Bd7 15. Nf4
Re8 16. Bd3 axb5 17. axb5 Nc8 18. Nh5 Qg5 19. Nb3 g6 20. Nf6+ Kh8 21. Nxd7 Nh4
22. g3 Ne7 23. f4 Nf3+ 24. Qxf3 Qg4 25. Qxg4 Nc6 26. bxc6 1-0

[Event "2/2"]
[Site "http://www.queenalice.com/game.php?id=1578993"]
[Date "2019.7.31"]
[Round "-"]
[White "ArmandoFerreira"]
[Black "V_i_n_c_e_n_t"]
[Result "1-0"]
[WhiteElo "2583"]
[BlackElo "2156"]

1. d4 Nf6 2. c4 e6 3. Bf4 Bb4+ 4. Nc3 Ne4 5. Qc2 Nxc3 6. bxc3 Ba5 7. e3 O-O 8.
Bd3 f5 9. Nf3 Nc6 10. g4 d6 11. gxf5 exf5 12. O-O-O Ne7 13. Rdg1 Ng6 14. Bg5 Qe8
15. h4 Rf7 16. h5 Ne7 17. Rh3 c6 18. Rhg3 Kh8 19. Bf4 Bc7 20. c5 Qd8 21. cxd6
Bxd6 22. Ne5 Bxe5 23. Bxe5 Be6 24. Rxg7 1-0

[Event "1/2"]
[Site "http://www.queenalice.com/game.php?id=1578994"]
[Date "2019.7.31"]
[Round "-"]
[White "V_i_n_c_e_n_t"]
[Black "ArmandoFerreira"]
[Result "0-1"]
[WhiteElo "2155"]
[BlackElo "2584"]

1. e4 c5 2. Nf3 d6 3. Bc4 Nf6 4. Ng5 e6 5. d3 Be7 6. O-O O-O 7. Nc3 a6 8. a4 Nc6
9. Nf3 d5 10. Bb3 b6 11. Bf4 Bb7 12. exd5 exd5 13. Ne2 Nh5 14. Re1 Qd7 15. c3
Na5 16. Bc2 Nxf4 17. Nxf4 d4 18. Ne5 Qc7 19. Nh5 g6 20. Ng3 Bf6 21. Ng4 Bg7 22.
Qd2 f5 23. Nh6+ Kh8 24. Nf1 f4 25. Ng4 h5 0-1

[Event "Playeur"]
[Site "http://www.queenalice.com/game.php?id=1580413"]
[Date "2019.8.15"]
[Round "1"]
[White "V_i_n_c_e_n_t"]
[Black "pestiferous"]
[Result "1/2-1/2"]
[WhiteElo "2154"]
[BlackElo "2189"]

1. e4 e6 2. d4 d5 3. Nc3 Bb4 4. e5 c5 5. Qg4 Ne7 6. Qxg7 Rg8 7. Qh6 cxd4 8. a3
Qa5 9. axb4 Qxa1 10. Nb5 Nf5 11. Qd2 Kd8 12. Nf3 Nc6 13. Bd3 Qa4 14. O-O Qxb4
15. Qxb4 Nxb4 16. Bxf5 exf5 17. Bg5+ Kd7 18. Nbxd4 Nc6 19. Bf6 Nxd4 20. Nxd4 Kc7
21. Nb5+ Kb6 22. Nd6 Be6 23. f4 Rg6 24. Rf3 Rb8 25. Kf2 Kc6 26. Rc3+ Kd7 27. Nb5
a6 28. Rc7+ Ke8 29. Nd6+ Kf8 30. Nxb7 Rc8 31. Be7+ Kg8 32. Rc5 Rxc5 33. Nxc5 Bc8
34. Bf6 h6 35. b4 Rg4 36. Kf3 Kh7 37. c3 h5 38. Bg5 Kg6 39. h3 Rxg5 40. fxg5
Kxg5 41. Nd3 f6 42. exf6 Kxf6 43. h4 Bb7 44. Kf4 d4 45. cxd4 Bxg2 46. Nc5 Bf1
47. d5 Be2 48. d6 Bg4 49. d7 Ke7 50. Ke5 Bh3 51. Nxa6 Kxd7 52. b5 Kc8 53. Nb4
Kb7 54. Nd5 Bg4 55. b6 Bh3 56. Kf4 Bg4 57. Kg5 Kc6 58. Ne3 Kxb6 59. Nxf5 Bxf5
60. Kxf5 Kc7 61. Kg5 Kd7 62. Kxh5 Ke7 63. Kg6 Kf8 64. h5 Kg8 1/2-1/2